Pushing North : A decade of building value in Penang and The Northern Region

Bibliographic Details
Other Authors: Azam Aris (Editor)
Format: Book
Language:English
Published: Kuala Lumpur : Khazanah Nasional Berhad [2018?]
Subjects:

MARC

LEADER 00000cam a2200000 7i4500
001 0000029409
005 20241126.0
008 210927 my o eng
040 |a INS   |b eng   |e rda 
090 0 0 |a DS598.P5   |b P87 2018 
245 0 0 |a Pushing North :   |b A decade of building value in Penang and The Northern Region   |c editor Azam Aris 
264 1 |a Kuala Lumpur :   |b Khazanah Nasional Berhad   |c [2018?] 
300 |a 72 pages :   |b colour photographs ;   |c 25 cm. 
336 |a text  |2 rdacontent 
337 |a unmediated  |2 rdamedia 
338 |a volume  |2 rdacarrier 
651 0 |a Malaysia   |x History 
651 0 |a Penang   |x History 
700 0 |a Azam Aris ,   |e editor 
999 |a 0000023130   |b BOOK   |c Open Shelf   |e Default branch